01330 2200385 4500001002100000005001500021035002000036007000300056008004100059020002200100082001200122084001400134100002900148245020900177250002400386300003000410650003500440700003000475700003200505700003500537700004300572700003600615700003400651264004900685336002100734337003000755338002300785040002200808090002200830500001100852850001200863504002500875999002200900990002200922INLIS00000000089803520250721083114 a0010-0725000613ta250721s2024 yoi g 1 ind d a978-623-389-407-404223a337 a337 SRI d0 aSri IssundariePengarang10aDiplomasi komersil :bstrategi dan praktik di era globalisasi /cSri Issundari, Iva Rachmawati, Dyah Lupita Sari, Meike Lusye Karolus, Clarisa Shinta Cahyaningsih, Chaturiani Istiqomah, Rizky Yunita Putri aEdisi pertama, 2024 axiv, 300 halaman ;c21 cm 4aHubungan ekonomi internasional0 aIva RachmawatiePengarang0 aDyah Lupita SariePengarang0 aMeike Lusye KarolusePengarang0 aClarisa Shinta CahyaningsihePengarang0 aChaturiani IstiqomahePengarang0 aRizky Yunita PutriePengarang32aSleman :bLPPM UPN Veteran Yogyakarta,c2024 2rdacontentateks 2rdamediaatanpa perantara 2rdacarrieravolume aYOPDYOGbinderda aCB-D.11 2024-6916 aIndeks aYOPDYOG aTermasuk bibliografi aCB-D.11/2024-6916 aCB-D.11/2024-6916